| 000 | 00598nam a2200193zi 4500 | ||
|---|---|---|---|
| 999 |
_c22432 _d50430 |
||
| 005 | 20171109044536.0 | ||
| 020 | _a978-0-12-3726-4 | ||
| 037 |
_aBC_680 45 _faut |
||
| 040 |
_aBC-ENSA _bfre |
||
| 041 | _aang | ||
| 100 | _aBARKAI-GOLAN, Rivka | ||
| 245 | _aMycotoxins in fruits and vegetables | ||
| 260 |
_bElsevier _aAmsterdam _c2008 |
||
| 300 |
_a394 p. _bill. _c24 cm |
||
| 562 | _e01 exemplaire | ||
| 700 | _aPASTER, Nachman | ||
| 942 | _c09 | ||
| 653 | _aMYCOTOXINE/FRUIT/VEGETATION/PLANTE/REGULATION DE LA PRODUCTION/ASPERGILLUS/PENICILLIUM/ALTERNARIA | ||